书目信息 |
| 题名: |
压力容器现代设计与安全技术
|
|
| 作者: | 魏新利 , 吴金星 主编 | |
| 分册: | ||
| 出版信息: | 北京 化学工业出版社 2004.9 |
|
| 页数: | 158页 | |
| 开本: | 26cm | |
| 丛书名: | 过程装备与控制工程丛书 | |
| 单 册: | ||
| 中图分类: | TH49 | |
| 科图分类: | ||
| 主题词: | 压力容器--设计 , 压力容器--安全技术 | |
| 电子资源: | ||
| ISBN: | 7-5025-5772-5 | |
| 000 | 00795nam0 2200253 45 | |
| 001 | 012004000000 | |
| 005 | 20050119100338.96 | |
| 010 | @a7-5025-5772-5@dCNY 20.00 | |
| 100 | @a20041009d2004 em y0chiy0121 ea | |
| 101 | 0 | @achi |
| 102 | @aCN@b110000 | |
| 105 | @aak z 000yy | |
| 200 | 1 | @a压力容器现代设计与安全技术@Aya li rong qi xian dai she ji yu an quan ji shu@f魏新利, 吴金星主编 |
| 210 | @a北京@c化学工业出版社@a北京@c教材出版中心@d2004.9 | |
| 215 | @a158页@c图, 表格@d26cm | |
| 225 | 2 | @a过程装备与控制工程丛书 |
| 410 | 0 | @12001 @a过程装备与控制工程丛书 |
| 606 | 0 | @a压力容器@x设计 |
| 606 | 0 | @a压力容器@x安全技术 |
| 690 | @aTH49@v4 | |
| 701 | 0 | @a魏新利@Awei xin li@4主编 |
| 701 | 0 | @a吴金星@Awu jin xing@4主编 |
| 801 | 0 | @aCN@bQSSKt@c20050119 |
| 905 | @a10447@dTH49@eW600 | |
| 压力容器现代设计与安全技术/魏新利, 吴金星主编.-北京:化学工业出版社;北京:教材出版中心,2004.9 |
| 158页:图, 表格;26cm.-(过程装备与控制工程丛书) |
| ISBN 7-5025-5772-5:CNY 20.00 |
| ● |
| 相关链接 |
|
|
|
正题名:压力容器现代设计与安全技术
索取号:TH49/W600
 
预约/预借
| 序号 | 登录号 | 条形码 | 馆藏地/架位号 | 状态 | 备注 |
| 1 | 438891 | 204388910 | 期刊室512/501自科库 135排2列6层/ [索取号:TH49/W600] | 在馆 | |
| 2 | 438892 | 204388929 | 自科库501/501自科库 135排3列1层/ [索取号:TH49/W600] | 在馆 | |
| 3 | 438893 | 204388938 | 自科库501/501自科库 135排3列1层/ [索取号:TH49/W600] | 在馆 |